[Event "Biel Blitz op 58th"]
[Site "Biel"]
[Date "2025.07.20"]
[Round "11"]
[White "Artan, Tamir"]
[Black "Rappazzo, Johannes"]
[Result "0-1"]
[WhiteElo "1889"]
[BlackElo "2147"]
[PlyCount "82"]
[EventDate "2025.07.20"]
[EventType "swiss (blitz)"]
[EventRounds "13"]
[EventCountry "SUI"]
[SourceTitle "CB30_2025"]
[SourceDate "2025.07.23"]
[SourceVersion "1"]
[SourceVersionDate "2025.07.23"]
[SourceQuality "1"]

1. e4 c5 2. b4 cxb4 3. Nf3 d5 4. exd5 Qxd5 5. c4 Qd8 6. d4 Nf6 7. a3 Bg4 8. axb4 e5 9. Be2 Bxb4+ 10. Nbd2 exd4 11. Qa4+ Nc6 12. Ne5 Bxe2 13. Nxc6 Bxd2+ 14. Bxd2 Qd7 15. Ne5 Qxa4 16. Rxa4 d3 17. Bb4 Nd7 18. Nxd7 Kxd7 19. Kd2 a6 20. Ra5 Rac8 21. Rb1 Rxc4 22. Rd5+ Ke6 23. Rd6+ Ke5 24. Rd7 Rc2+ 25. Ke3 Re8 26. Be7 Ke6 27. Rbxb7 Bf1 28. Rd6+ Ke5 29. f4+ Kf5 30. Rd5+ Kg6 31. f5+ Kh6 32. Rd4 Re2+ 33. Kf3 R8xe7 34. Rh4+ Kg5 35. Rg4+ Kxf5 36. Rf4+ Ke6 37. Rb6+ Kd7 38. Rd4+ Kc7 39. Rxa6 Bxg2+ 40. Kg3 R7e3+ 41. Kf4 Re4+ 0-1

[Event "Biel Blitz op 58th"]
[Site "Biel"]
[Date "2025.07.20"]
[Round "1"]
[White "Bok, Benjamin"]
[Black "Artan, Tamir"]
[Result "1-0"]
[WhiteElo "2648"]
[BlackElo "1889"]
[PlyCount "65"]
[EventDate "2025.07.20"]
[EventType "swiss (blitz)"]
[EventRounds "13"]
[EventCountry "SUI"]
[SourceTitle "CB30_2025"]
[SourceDate "2025.07.23"]
[SourceVersion "1"]
[SourceVersionDate "2025.07.23"]
[SourceQuality "1"]

1. Nf3 Nf6 2. c4 b6 3. g3 Bb7 4. Bg2 e6 5. 0-0 Be7 6. Nc3 0-0 7. Re1 d5 8. cxd5 exd5 9. d4 Nbd7 10. b3 Re8 11. Bb2 c6 12. Rc1 Bd6 13. e3 Nf8 14. Ne2 Ne6 15. Ne5 Rc8 16. Nf4 Nxf4 17. exf4 Nd7 18. Bh3 Rc7 19. Bxd7 Rxd7 20. Nxd7 Qxd7 21. Rxe8+ Qxe8 22. Qe1 Qd7 23. Qe2 g6 24. Bc3 h5 25. Re1 Kf8 26. Qd2 a5 27. f5 Kg7 28. Qg5 Qxf5 29. Qxf5 gxf5 30. Re8 Kf6 31. Bd2 c5 32. Bf4 Be7 33. Rb8 1-0

[Event "SUI-ch U16"]
[Site "Naefels"]
[Date "2024.05.19"]
[Round "5"]
[White "Artan, Tamir"]
[Black "Toktomushev, Teimur"]
[Result "0-1"]
[WhiteElo "1908"]
[BlackElo "2295"]
[PlyCount "88"]
[EventDate "2024.05.17"]
[EventType "swiss"]
[EventRounds "7"]
[EventCountry "SUI"]
[SourceTitle "EXT 2025"]
[Source "ChessBase"]
[SourceDate "2024.10.14"]
[SourceVersion "1"]
[SourceVersionDate "2024.10.14"]
[SourceQuality "1"]

1. e4 c5 2. Nf3 e6 3. d4 cxd4 4. Nxd4 a6 5. a3 Nc6 6. Nc3 Qc7 7. Be3 Nf6 8. g4 h5 9. gxh5 Rxh5 10. h4 b5 11. Be2 Rh8 12. Qd2 Bb7 13. Nb3 Ne5 14. Bf4 Bd6 15. 0-0-0 Nd3+ 16. Qxd3 Bxf4+ 17. Kb1 Be5 18. f3 Rc8 19. Nd4 Ke7 20. Rhg1 g6 21. Rg5 Bf4 22. Nb3 d6 23. Rgg1 Rxh4 24. a4 b4 25. Na2 d5 26. Nxb4 dxe4 27. fxe4 a5 28. e5 Bxe5 29. Bf3 Bxf3 30. Na6 Be4 31. Qxe4 Rxe4 32. Nxc7 Rxc7 33. Nxa5 Rxa4 34. Nb3 Ne4 35. Rge1 Rac4 36. c3 Bxc3 37. Rxe4 Rxe4 38. bxc3 Rxc3 39. Kb2 Rc7 40. Nd4 e5 41. Nf3 Rb4+ 42. Ka3 Rb6 43. Rd4 exd4 44. Nxd4 Ra7# 0-1

[Event "SUI-ch U16"]
[Site "Naefels"]
[Date "2024.05.19"]
[Round "6"]
[White "Malli, Suvirr"]
[Black "Artan, Tamir"]
[Result "1-0"]
[WhiteElo "2150"]
[BlackElo "1908"]
[PlyCount "137"]
[EventDate "2024.05.17"]
[EventType "swiss"]
[EventRounds "7"]
[EventCountry "SUI"]
[SourceTitle "EXT 2025"]
[Source "ChessBase"]
[SourceDate "2024.10.14"]
[SourceVersion "1"]
[SourceVersionDate "2024.10.14"]
[SourceQuality "1"]

1. e4 c5 2. Nf3 d6 3. d4 cxd4 4. Nxd4 Nf6 5. Nc3 a6 6. a4 e5 7. Nf3 Be7 8. Bc4 Be6 9. Qe2 Qc8 10. Ba2 Nc6 11. Bg5 h6 12. Bxf6 Bxf6 13. Nd5 Bxd5 14. Bxd5 Nb4 15. Bb3 Nc6 16. c3 Rb8 17. Bc4 Na5 18. Bd5 Nc6 19. 0-0 0-0 20. Ne1 Ne7 21. Bb3 Rd8 22. Rd1 Qc5 23. Bd5 Qa5 24. Qc2 b5 25. axb5 Qxb5 26. b4 a5 27. Qb3 axb4 28. Bxf7+ Kh8 29. Rb1 Nc6 30. Nc2 Qd3 31. cxb4 Qxb3 32. Rxb3 Nd4 33. Nxd4 exd4 34. b5 Rb6 35. Bd5 Rdb8 36. Rfb1 Be5 37. Kf1 Rc8 38. Bc6 Kh7 39. Ke2 Rc7 40. h4 Ra7 41. h5 Ra2+ 42. Kf1 Rc2 43. Be8 Kg8 44. Ra3 Kf8 45. Ra8 Ke7 46. g3 d3 47. Rd1 d2 48. Ke2 Bc3 49. f4 Rc1 50. Bc6 Kf6 51. Ra7 Rb8 52. Bd5 Rf8 53. Rd7 Bb4 54. b6 Rcc8 55. b7 Rb8 56. Rb1 Bc5 57. Kxd2 g6 58. Rh7 gxh5 59. Rxh6+ Kg7 60. Rxh5 Bf2 61. Rbh1 Rxf4 62. gxf4 Be3+ 63. Kxe3 Rxb7 64. Bxb7 d5 65. Bxd5 Kg6 66. Rg5+ Kf6 67. Rh6+ Ke7 68. Rg7+ Kd8 69. Rh8# 1-0

[Event "SUI-ch U14"]
[Site "Biel"]
[Date "2022.07.21"]
[Round "7"]
[White "Guyer, Marlon1"]
[Black "Artan, Tamir"]
[Result "0-1"]
[WhiteElo "1590"]
[BlackElo "1590"]
[PlyCount "102"]
[EventDate "2022.07.18"]
[EventType "swiss"]
[EventRounds "7"]
[EventCountry "SUI"]
[SourceTitle "EXT 2023"]
[Source "ChessBase"]
[SourceDate "2022.10.05"]
[SourceVersion "1"]
[SourceVersionDate "2022.10.05"]
[SourceQuality "1"]

1. e4 e5 2. Nf3 Nc6 3. Bc4 Bc5 4. d3 Nf6 5. Nc3 d6 6. Be3 Bb4 7. a3 Bxc3+ 8. bxc3 Be6 9. Bb5 0-0 10. 0-0 Ne7 11. c4 h6 12. c3 Ng6 13. Nd2 c6 14. Ba4 Ng4 15. d4 f5 16. d5 cxd5 17. cxd5 Bc8 18. exf5 Bxf5 19. Bc2 Nxe3 20. fxe3 Bxc2 21. Rxf8+ Kxf8 22. Qxc2 Qg5 23. Qd3 Nh4 24. g3 Kg8 25. Rf1 Rf8 26. Rxf8+ Kxf8 27. Ne4 Qg6 28. Qc4 Kg8 29. Kh1 Nf5 30. Qd3 Qg4 31. Kg1 Qf3 32. Nd2 Qxe3+ 33. Qxe3 Nxe3 34. c4 Kf7 35. Kf2 Nc2 36. a4 Na3 37. Ke3 Nc2+ 38. Kd3 Nb4+ 39. Kc3 Na6 40. Ne4 Ke7 41. Kd3 b6 42. Nc3 Nc5+ 43. Ke3 a6 44. Kf3 Kf6 45. Kg4 g6 46. h4 h5+ 47. Kf3 Kf5 48. Kf2 Ne4+ 49. Nxe4 Kxe4 50. a5 bxa5 51. c5 Kxd5 0-1

[Event "Lugano op"]
[Site "Lugano"]
[Date "2021.07.31"]
[Round "3"]
[White "Boschetti, Claudio"]
[Black "Artan, Tamir"]
[Result "1-0"]
[WhiteElo "2027"]
[BlackElo "1473"]
[PlyCount "57"]
[EventDate "2021.07.30"]
[EventType "swiss"]
[EventRounds "5"]
[EventCountry "SUI"]
[SourceTitle "EXT 2022"]
[Source "ChessBase"]
[SourceDate "2021.10.06"]
[SourceVersion "1"]
[SourceVersionDate "2021.10.06"]
[SourceQuality "1"]

1. d4 Nf6 2. Bf4 e6 3. e3 d5 4. Nd2 Bd6 5. Bg3 0-0 6. Bd3 c5 7. c3 b6 8. Ngf3 Ba6 9. Bc2 Nc6 10. Ne5 Bxe5 11. dxe5 Nd7 12. f4 f6 13. Qh5 f5 14. Nf3 Qe8 15. Qh3 Na5 16. Bf2 Rf7 17. Ng5 h6 18. Nxf7 Qxf7 19. g4 fxg4 20. Qxg4 Rf8 21. Bg6 Qe7 22. Bh4 Nxe5 23. fxe5 Qd7 24. 0-0-0 Nc6 25. Bg3 Na5 26. Bf4 Nc4 27. Rhg1 Kh8 28. Bc2 Rf7 29. Bxh6 1-0